Anthem of Austria (Full Song) - Bundeshymne der Republik Österreich - Statistics

General Stats
  • This quiz has been taken 5 times
  • The average score is 48 of 81
Answer Stats
Lyrics % Correct
Äcker,
100%
am
100%
Berge,
100%
der
100%
der
100%
der
100%
der
100%
Dome,
100%
großer
100%
Heimat
100%
Land
100%
Land
100%
Land
100%
Land
100%
Land
100%
Österreich!
100%
Österreich!
100%
Österreich.
100%
Österreich.
100%
Österreich.
100%
Österreich.
100%
Schöne,
100%
Söhne
100%
Strome,
100%
Vielgerühmtes
100%
Vielgerühmtes
100%
zukunftsreich!
100%
begnadet
80%
bist
80%
das
80%
du
80%
du
80%
für
80%
Hämmer,
80%
Volk,
80%
dem
60%
Erdteil
60%
Hast
60%
Ahnentagen
40%
die
40%
Einem
40%
frühen
40%
getragen,
40%
gleich.
40%
Herzen
40%
in
40%
in
40%
inmitten
40%
Last
40%
Liegst
40%
seit
40%
Sendung
40%
starken
40%
umstritten,
40%
und
40%
und
40%
uns
40%
Vielgeliebtes
40%
Vielgeliebtes
40%
Vielgeprüftes
40%
Vielgeprüftes
40%
wild
40%
dir
20%
Einig
20%
Frei
20%
gläubig
20%
hoffnungsreich.
20%
Hoher
20%
Jubelchören,
20%
laß
20%
Mutig
20%
neuen
20%
schreiten,
20%
schwören.
20%
sieh
20%
Treue
20%
Vaterland,
20%
Zeiten,
20%
Arbeitsfroh
0%
Heiß
0%
umfehdet,
0%
No matching quizzes found
Score Distribution
Percent of People with Each Score
Percentile by Number Answered
Your Score History
You have not taken this quiz